000 00779nam a2200205Ia 4500
003 GCL
005 20240530095027.0
008 140319s9999 xx 000 0 ara d
020 _a9024322977
040 _aGCL /
_cGCL
082 0 4 _a953.073
_bق/ع ت
100 1 _aعمر صابر عبدالجليل
245 1 0 _aتاريخ مصر ليوحنا النقيوسى :
_bرؤية قبطية للفتح الاسلامى /
_cعمر صابر عبدالجليل
250 _aالاولى
260 _aالقاهرة :
_bعين للدراسات والبحوث الانسانية والاجتماعية ،
_c2000
300 _a282 ص ؛
_c24 سم
650 0 4 _aالفتوحات الاسلامية
650 0 4 _aمصر - تاريخ - العصر الاسلامى
942 _2ddc
_cBK
999 _c3375
_d3375